01140nam a2200241 u 450000100100000000500170001000800410002704000250006808200200009310000340011324500650014726000580021230000200027059000650029059000260035565000280038165000310040991000370044095201320047795201340060995201400074399900150088300000200320240412074159.0090630s2007 dr 000 p spa d aDO-SdBNPbspacBNPHU aRD861.44bA696a1 aArias Rivera, Erasmo C.9648210aAvance a los temas y sentimientos /cErasmo C. Arias Rivera. aSanto Domingo :bLab. Fotomecánica Cipriano,c2007. a48 p. ;c21 cm. aLa biblioteca posee 2 ejemplares autografiados por el autor. aInventariado, 2018/LP 0aPoesía dominicana966 0aLiteratura dominicana.967 aValidado. Control de calidad MFF 001054708DSaGRbGRcHDd2009-08-26iLF1l0oRD861.44 A696ap2003-30r2020-06-25te. 3w2020-06-25yLFDSZPréstamo en sala 001054708PDaPDbPDcHDd2009-06-30e000553iLF1l0oRD861.44 A696ap2003-10r2020-06-25w2020-06-25yLFPDZPréstamo en sala 001053728PDaPDbPDcHDd2009-06-30e000554iLF1l0oRD861.44 A696ap2003-20r2020-06-25te. 2w2020-06-25yLFPDZPréstamo en sala c1869d1869